000 00293nam a2200121Ia 4500
005 20251222140048.0
008 251222s1900||||xx |||||||||||||| ||spa||
082 _a109/A29
100 _aAgazzi, Aldo
245 0 _aHistoria de la FilosofĂ­a y de la PedagogĂ­a:
264 _bMarfil
942 _cLIB
999 _c3506
_d3506